000 00662nam a2200217 a 4500
003 SISC
005 20170118145436.0
008 101020s19uu xx 00 eng d
020 _a9780071289122
050 _aHD 30.3
_b.V317 2011
100 _aVarner, Iris.
245 _aIntercultural communication in the global workplace /
_cIris Varner.
250 _a5th edition.
260 _aBoston :
_bMcGraw Hill,
_c2011.
300 _a503 pages :
_billustrations ;
_c24 cm.
650 _aCommunication in management
_xSocial aspects.
650 _aBusiness communication
_xSocial aspects.
700 _aBeamer, Linda.
942 _cBK
_2lcc
_kFOR
999 _c24150
_d24150